[Event "HUN-chT2 Toth 1819"]
[Site "Hungary"]
[Date "2019.02.24"]
[Round "8.11"]
[White "Szamko, Hanna"]
[Black "Farkas, Lorinc"]
[Result "0-1"]
[WhiteElo "1347"]
[BlackElo "1732"]
[PlyCount "100"]
[EventDate "2018.09.23"]
[EventType "team-tourn"]
[EventRounds "11"]
[EventCountry "HUN"]
[SourceTitle "EXT 2021"]
[Source "ChessBase"]
[SourceDate "2020.10.23"]
[SourceVersion "1"]
[SourceVersionDate "2020.10.23"]
[SourceQuality "1"]
[WhiteTeam "Szeged Maroczy III"]
[BlackTeam "Gyula"]
[WhiteTeamCountry "HUN"]
[BlackTeamCountry "HUN"]

1. e4 d6 2. d4 Nf6 3. Nc3 c6 4. Bf4 Qa5 5. Bd3 e5 6. dxe5 dxe5 7. Bg5 Be7 8. Nge2 0-0 9. 0-0 Nbd7 10. Ng3 Nc5 11. Bc4 b5 12. Bb3 h6 13. Bxf6 Bxf6 14. Qd6 b4 15. Qd2 bxc3 16. Qxc3 Qxc3 17. bxc3 g6 18. f3 a5 19. Rfd1 Be7 20. Rab1 Ba6 21. a3 Rab8 22. a4 h5 23. Nh1 Kg7 24. Nf2 Rfd8 25. Rxd8 Rxd8 26. Rd1 Rxd1+ 27. Nxd1 Nxb3 28. cxb3 Bc5+ 29. Nf2 Bd3 30. b4 axb4 31. cxb4 Bd4 32. g3 Bc2 33. a5 Bd3 34. Kg2 Be2 35. Nh3 Bc3 36. f4 Bxb4 37. fxe5 Bxa5 38. Kf2 Bg4 39. Nf4 Bb6+ 40. Kg2 Bd4 41. h3 Bd7 42. Nd3 c5 43. h4 c4 44. Nc1 Bxe5 45. Kf3 Bb2 46. Ne2 Bg4+ 47. Ke3 Bxe2 48. Kxe2 Kf6 49. Kd2 Ke5 50. Ke3 Bd4+ 0-1

[Event "HUN-chT2 Toth 1819"]
[Site "Hungary"]
[Date "2018.09.23"]
[Round "1.6"]
[White "Pasztorcsik, Janos"]
[Black "Farkas, Lorinc"]
[Result "1/2-1/2"]
[WhiteElo "1978"]
[BlackElo "1732"]
[PlyCount "30"]
[EventDate "2018.09.23"]
[EventType "team-tourn"]
[EventRounds "11"]
[EventCountry "HUN"]
[SourceTitle "EXT 2021"]
[Source "ChessBase"]
[SourceDate "2020.10.23"]
[SourceVersion "1"]
[SourceVersionDate "2020.10.23"]
[SourceQuality "1"]
[WhiteTeam "Oroshaza"]
[BlackTeam "Gyula"]
[WhiteTeamCountry "HUN"]
[BlackTeamCountry "HUN"]

1. d4 d6 2. e4 Nf6 3. f3 Nbd7 4. c4 e5 5. d5 Be7 6. Nc3 a5 7. Be3 b6 8. Bd3 Nc5 9. Bc2 Bd7 10. Qd2 0-0 11. Nge2 Ne8 12. g4 Bh4+ 13. Ng3 g6 14. 0-0-0 Ng7 15. Bh6 f6 1/2-1/2

[Event "HUN-chT2 Toth 0506"]
[Site "Hungary"]
[Date "2005.11.27"]
[Round "4"]
[White "Farkas, Lorinc"]
[Black "Salanki, Endre"]
[Result "1/2-1/2"]
[WhiteElo "2100"]
[BlackElo "2264"]
[PlyCount "38"]
[EventDate "2005.10.16"]
[EventType "team"]
[EventRounds "11"]
[EventCountry "HUN"]
[SourceTitle "EXT 2009"]
[Source "ChessBase"]
[SourceDate "2008.11.26"]
[SourceVersion "1"]
[SourceVersionDate "2008.11.26"]
[SourceQuality "1"]
[WhiteTeam "Battonya"]
[BlackTeam "Takisz"]
[WhiteTeamCountry "HUN"]
[BlackTeamCountry "HUN"]

1. Nf3 e6 2. g3 d5 3. Bg2 c5 4. 0-0 Nc6 5. d3 Nf6 6. Nbd2 Be7 7. e4 0-0 8. c3 d4 9. c4 Nd7 10. a3 a5 11. b3 Ra6 12. Ne1 Bd6 13. f4 f6 14. Ndf3 Rb6 15. Bd2 Qe7 16. Rb1 e5 17. f5 Ndb8 18. g4 g5 19. Kf2 Rf7 1/2-1/2

[Event "HUN-chT2 Toth 0405"]
[Site "Hungary"]
[Date "2005.04.24"]
[Round "11"]
[White "Fodor, Tamas"]
[Black "Farkas, Lorinc"]
[Result "1-0"]
[WhiteElo "2160"]
[BlackElo "2083"]
[PlyCount "93"]
[EventDate "2004.09.26"]
[EventType "team"]
[EventRounds "11"]
[EventCountry "HUN"]
[SourceTitle "EXT 2009"]
[Source "ChessBase"]
[SourceDate "2008.11.26"]
[SourceVersion "1"]
[SourceVersionDate "2008.11.26"]
[SourceQuality "1"]
[WhiteTeam "Koszolg"]
[BlackTeam "Battonya"]
[WhiteTeamCountry "HUN"]
[BlackTeamCountry "HUN"]

1. e4 d6 2. d4 Nf6 3. Nc3 c6 4. Nf3 Qa5 5. Nd2 e5 6. Nc4 Qc7 7. a4 Be7 8. f3 0-0 9. Be2 Nbd7 10. a5 Re8 11. d5 a6 12. 0-0 Rb8 13. Be3 c5 14. Na4 Bd8 15. c3 Nf8 16. b4 cxb4 17. cxb4 Qe7 18. Rc1 Nh5 19. Ba7 Ra8 20. Ncb6 Bxb6+ 21. Nxb6 Rxa7 22. Nxc8 Qg5 23. Nxa7 Qe3+ 24. Kh1 Qxa7 25. Rc7 g6 26. Qd2 Qb8 27. Rfc1 Kg7 28. Qe3 Qd8 29. Rxb7 Qh4 30. Bxa6 g5 31. Rcc7 Ng6 32. Rxf7+ Kg8 33. Kg1 Nhf4 34. Rg7+ Kh8 35. Rxh7+ Qxh7 36. Rxh7+ Kxh7 37. g3 Nh5 38. Qxg5 Ng7 39. Qf6 Rf8 40. Qxd6 Rxf3 41. Bc8 Rf8 42. Qc7 Kh6 43. a6 Nh5 44. a7 Nf6 45. a8Q Nxe4 46. Qc1+ Kh5 47. Qa7 1-0

[Event "HUN-chT2 Toth 0304"]
[Site "Hungary"]
[Date "2003.09.28"]
[Round "1"]
[White "Kovacs, Arthur"]
[Black "Farkas, Lorinc"]
[Result "1/2-1/2"]
[WhiteElo "2126"]
[BlackElo "2055"]
[PlyCount "89"]
[EventDate "2003.09.28"]
[EventType "team"]
[EventRounds "11"]
[EventCountry "HUN"]
[SourceTitle "EXT 2009"]
[Source "ChessBase"]
[SourceDate "2008.11.26"]
[SourceVersion "1"]
[SourceVersionDate "2008.11.26"]
[SourceQuality "1"]
[WhiteTeam "Mako II"]
[BlackTeam "Battonya"]
[WhiteTeamCountry "HUN"]
[BlackTeamCountry "HUN"]

1. d4 d6 2. c4 g6 3. Nc3 Bg7 4. e4 c6 5. Be2 a6 6. a4 a5 7. Be3 Na6 8. h3 Nb4 9. Nf3 e6 10. 0-0 Ne7 11. Qd2 d5 12. Rfd1 0-0 13. Rac1 dxe4 14. Nxe4 Nf5 15. Nc3 Nxe3 16. Qxe3 f5 17. Ne5 Qh4 18. f4 Bh6 19. g3 Qf6 20. h4 Rd8 21. Rd2 Bf8 22. Rcd1 b6 23. Kh2 Bb7 24. Bf3 Rab8 25. Bg2 Be7 26. Re2 Bd6 27. Nf3 Re8 28. Ne5 Rbd8 29. Red2 Qe7 30. Qe2 Qc7 31. b3 Na6 32. Na2 Nb4 33. Nc3 Bf8 34. Na2 Nxa2 35. Rxa2 Bb4 36. Rc2 Bd6 37. Rcd2 Bb4 38. Rd3 Rd6 39. Nf3 Qg7 40. Ne5 Qc7 41. Bf3 Red8 42. Qg2 Ba8 43. Kh3 Bb7 44. Kh2 Ba8 45. Kh3 1/2-1/2

[Event "Budapest Spring op 19th"]
[Site "Budapest"]
[Date "2003.03.14"]
[Round "1"]
[White "Dobos, Jozsef"]
[Black "Farkas, Lorinc"]
[Result "1-0"]
[WhiteElo "2283"]
[BlackElo "2087"]
[PlyCount "91"]
[EventDate "2003.03.14"]
[EventType "swiss"]
[EventRounds "9"]
[EventCountry "HUN"]
[SourceTitle "CBM 093 Extra"]
[Source "ChessBase"]
[SourceDate "2003.05.09"]
[SourceVersion "1"]
[SourceVersionDate "2003.05.09"]
[SourceQuality "1"]

1. d4 d6 2. e4 g6 3. c4 Bg7 4. Nc3 c6 5. Be3 a6 6. h3 b5 7. a3 Nd7 8. Nf3 bxc4 9. Bxc4 d5 10. Ba2 e6 11. Qd2 Bb7 12. 0-0 Ne7 13. Bh6 0-0 14. Bxg7 Kxg7 15. Rfe1 Rc8 16. Rac1 h6 17. b4 a5 18. exd5 cxd5 19. Na4 axb4 20. axb4 Bc6 21. Nc5 Nf5 22. Bb1 Nh4 23. Ne5 Nxe5 24. Rxe5 Qf6 25. Bd3 Nf5 26. Ba6 Rcd8 27. Nxe6+ fxe6 28. Rxc6 Nd6 29. Bd3 Rf7 30. Qe3 Re7 31. b5 g5 32. b6 Qf4 33. Rxe6 Qxe3 34. Rxe3 Rxe3 35. fxe3 Kf8 36. Ba6 Ke7 37. b7 Kd7 38. Rc8 Rxc8 39. bxc8Q+ Nxc8 40. Bxc8+ Kxc8 41. e4 dxe4 42. Kf2 Kd7 43. Ke3 Kd6 44. Kxe4 Ke6 45. d5+ Kf6 46. g4 1-0

[Event "Miercurea Ciuc Banc Post A2"]
[Site "Miercurea Ciuc"]
[Date "2002.08.27"]
[Round "3"]
[White "Farkas, Lorinc"]
[Black "Todoran, Ion George"]
[Result "1/2-1/2"]
[WhiteElo "2088"]
[BlackElo "2080"]
[PlyCount "44"]
[EventDate "2002.08.26"]
[EventType "tourn"]
[EventRounds "9"]
[EventCountry "ROU"]
[SourceTitle "CBM 089 Extra"]
[Source "ChessBase"]
[SourceDate "2002.09.10"]
[SourceVersion "2"]
[SourceVersionDate "2002.09.10"]
[SourceQuality "1"]

1. Nf3 Nf6 2. g3 g6 3. Bg2 Bg7 4. d3 0-0 5. e4 d6 6. 0-0 c5 7. Nbd2 Nc6 8. c3 Qc7 9. Re1 Bd7 10. Nc4 b5 11. Ne3 e6 12. Nd2 b4 13. Ndc4 bxc3 14. bxc3 Rfe8 15. Bb2 Rab8 16. Qd2 Ne5 17. Rac1 Bb5 18. Nxe5 dxe5 19. c4 Bc6 20. Bc3 Qd6 21. Qc2 Nd7 22. Rb1 h5 1/2-1/2

[Event "HUN-ch op"]
[Site "Zalakaros"]
[Date "2001.??.??"]
[Round "3"]
[White "Farkas, Lorinc"]
[Black "Antal, Sebestyen Jr"]
[Result "0-1"]
[WhiteElo "2110"]
[BlackElo "2272"]
[PlyCount "66"]
[EventDate "2001.??.??"]
[EventType "swiss"]
[EventRounds "9"]
[EventCountry "HUN"]
[SourceTitle "EXT 2002"]
[Source "ChessBase"]
[SourceDate "2001.11.25"]
[SourceVersion "1"]
[SourceVersionDate "2001.11.25"]
[SourceQuality "1"]

1. Nf3 Nf6 2. c4 g6 3. g3 Bg7 4. Bg2 0-0 5. 0-0 d6 6. d3 e5 7. Nc3 h6 8. Rb1 Nc6 9. b4 Be6 10. Bd2 e4 11. dxe4 Bxc4 12. Qc2 a6 13. Rfe1 Re8 14. h3 Qd7 15. Nd5 Bxd5 16. exd5 Nxd5 17. e4 Nf6 18. Bc3 Nh5 19. e5 dxe5 20. Rbd1 Qe7 21. a3 Rad8 22. Rxd8 Qxd8 23. Nh4 Qf6 24. Nf3 Qd6 25. Qb2 e4 26. Nh4 e3 27. fxe3 Qxg3 28. Nf3 Ne5 29. Rf1 Nc4 30. Qc1 Nxe3 31. Qxe3 Rxe3 32. Be1 Rxe1 33. Rxe1 Nf4 0-1